000
00269nam a22001337a 4500
008
170323b xxu||||| |||| 00| 0 eng d
020
_a
0824776496
041
_a
eng
080
_a
616.9
100
_a
7
101
_a
shm
245
_a
AIDS
_c
BRODER, S
942
_2
udc
_c
BK
999
_c
8467
_d
8467